MARC details
| 000 -LEADER |
| campo de control de longitud fija |
01335nam a2200265 i 4500 |
| 001 - NÚMERO DE CONTROL |
| campo de control |
162845 |
| 003 - IDENTIFICADOR DE NÚMERO DE CONTROL |
| campo de control |
ES-MaACL |
| 005 - FECHA Y HORA DE LA ÚLTIMA TRANSACCIÓN |
| campo de control |
20230906212621.0 |
| 008 - DATOS DE LONGITUD FIJA--INFORMACIÓN GENERAL |
| campo de control de longitud fija |
931025s1799 sp axc |||| | spa d |
| 040 ## - FUENTE DE CATALOGACIÓN |
| Centro catalogador/agencia de origen |
CAM |
| Lengua de catalogación |
spa |
| Centro/agencia transcriptor |
PAB |
| 041 1# - CÓDIGO DE IDIOMA |
| Código de lengua del sumario o resumen |
lat |
| 100 1# - ENTRADA PRINCIPAL--NOMBRE DE PERSONA |
| Nombre de persona |
Quintiliano, Marco Fabio. |
| 9 (RLIN) |
131529 |
| 245 10 - MENCIÓN DEL TÍTULO |
| Título |
Instituciones oratorias del célebre español M. Fabio Quintiliano / |
| Mención de responsabilidad, etc. |
traducidas al castellano y anotadas segun la edicion de Rollin... por el P*** de las Escuelas Pias... |
| 260 ## - PUBLICACIÓN, DISTRIBUCIÓN, ETC. |
| Lugar de publicación, distribución, etc. |
Madrid : |
| Nombre del editor, distribuidor, etc. |
en la imprenta de la Administracion del Real Arbitrio de Beneficencia : |
| -- |
se hallará en la librería de Ranz..., |
| Fecha de publicación, distribución, etc. |
1799. |
| 300 ## - DESCRIPCIÓN FÍSICA |
| Extensión |
2 v. ([4], XVI, 419 p ; [4], 453, [3] p.) ; |
| Dimensiones |
4º. |
| 530 ## - NOTA DISPONIBLE DE FORMULARIO FÍSICO ADICIONAL |
| Nota de formato físico adicional disponible |
Disponible en formato digital. |
| 597 ## - NOTA DE DESCRIPCIÓN FÍSICA |
| NOTA DE DESCRIPCIÓN FÍSICA |
Sign.: [ ]², *²,*4, A-Z4, Aa-Zz4, Aaa-Fff4, Ggg² ; [ ]², A-Z4, Aa-Zz4, Aaa-Lll4. |
| 597 ## - NOTA DE DESCRIPCIÓN FÍSICA |
| NOTA DE DESCRIPCIÓN FÍSICA |
Antep. |
| 599 ## - NOTA A LAS ILUSTRACIONES |
| NOTA A LAS ILUSTRACIONES |
La h. de grab. calc. : "J.L. Enguidanos lo dibuxó, V.L. Enguidanos lo grabó", retrato del autor. |
| 650 #4 - PUNTO DE ACCESO ADICIONAL DE MATERIA--TÉRMINO DE MATERIA |
| Término de materia o nombre geográfico como elemento de entrada |
Oratoria latina. |
| 9 (RLIN) |
136623 |
| 650 #4 - PUNTO DE ACCESO ADICIONAL DE MATERIA--TÉRMINO DE MATERIA |
| Término de materia o nombre geográfico como elemento de entrada |
Retórica latina. |
| 9 (RLIN) |
136830 |
| 650 04 - PUNTO DE ACCESO ADICIONAL DE MATERIA--TÉRMINO DE MATERIA |
| Término de materia o nombre geográfico como elemento de entrada |
Oratoria- |
| Subdivisión de forma |
Obras anteriores a 1800. |
| 9 (RLIN) |
15733 |
| 852 ## - LOCALIZACIÓN |
| Ubicación |
ES-MaACL |
| Número de control de estantería |
R-1180-81 |
| Nota libre |
-- Enc. pasta española |
| condición física |
-- Falto de la h. de grab. |
| Encuadernación |
Olim: G-11109-10 |
| 856 ## - LOCALIZACIÓN Y ACCESO ELECTRÓNICOS |
| Identificador Uniforme de Recursos |
<a href="http://bdh-rd.bne.es/viewer.vm?id=0000134504&page=1 ">http://bdh-rd.bne.es/viewer.vm?id=0000134504&page=1 </a> |
| Nota pública |
Biblioteca Digital Hispánica |